000 00434pab a2200169 454500
008 180718b2008 xxu||||| |||| 00| 0 eng d
100 _aTiwary, H.V.
245 _aTechno-realism in Indian perspective and its management
260 _c2008
300 _ap.11-16.
362 _a5 May
650 _aScientific development - India
650 _aScientific development
773 _aUniversity News
908 _aN
909 _a77996
999 _c77996
_d77996